=LDR 00000nam 2200000 4500 =001 INLIS000000000034502 =005 20130612140416 =008 ***********************************ind** =035 ##$$0010-061300000034502 =041 ##$$a ind =082 ##$$a 372.803 =090 ##$$a 372.803, Jus k =100 ##$$a Justiana, Sandri =245 ##$$a Kamus pintar bergambar, Alat musik/ Sandri Justiana; Editor, Dewi Linda Gustini, Agus Jakaria =260 ##$$a [20...] $b Bandung =300 ##$$a iv,36 hlm., Ilus., 25 cm =650 ##$$a Pendidikan Dasar - Alat Musik - Kamus =700 ##$$a Gustini, Dewi Linda =850 ##$$a NBPNMAT